Qué es el Sida y cómo prevenirlo / (Registro nro. 3400)
[ vista simple ]
| 000 -LEADER | |
|---|---|
| fixed length control field | 01302nam a2200265Ia 4500 |
| 003 - CONTROL NUMBER IDENTIFIER | |
| control field | OSt |
| 005 - DATE AND TIME OF LATEST TRANSACTION | |
| control field | 20200929133133.0 |
| 008 - FIXED-LENGTH DATA ELEMENTS--GENERAL INFORMATION | |
| fixed length control field | 191128s1996 ck a gr 000 0 spa d |
| 020 ## - INTERNATIONAL STANDARD BOOK NUMBER | |
| International Standard Book Number | 9580427151 |
| 040 ## - CATALOGING SOURCE | |
| Original cataloging agency | CO-JMCR |
| Transcribing agency | CO-JMCR |
| 041 0# - LANGUAGE CODE | |
| Language code of text/sound track or separate title | spa |
| 082 04 - DEWEY DECIMAL CLASSIFICATION NUMBER | |
| Classification number | 614.5993 / |
| Item number | J541q |
| Edition number | 23 |
| 100 1# - MAIN ENTRY--PERSONAL NAME | |
| Personal name | Jennings, Chris, 1954-, |
| Relator term | autor |
| 9 (RLIN) | 10967 |
| 245 10 - TITLE STATEMENT | |
| Title | Qué es el Sida y cómo prevenirlo / |
| Statement of responsibility, etc. | Chris Jennings; traductor Adriana de Hassan |
| 260 ## - PUBLICATION, DISTRIBUTION, ETC. | |
| Place of publication, distribution, etc. | Bogotá : |
| Name of publisher, distributor, etc. | Norma, |
| Date of publication, distribution, etc. | 1996. |
| 300 ## - PHYSICAL DESCRIPTION | |
| Extent | 81 páginas : |
| Other physical details | ilustraciones en blanco y negro ; |
| Dimensions | 22 cm. |
| 505 0# - FORMATTED CONTENTS NOTE | |
| Formatted contents note | Un virus : el invasor -- El ser humano : el hospedante -- Tipos de infecciones producidas por el VIH (Sida) -- Cómo se contrae y se transmite el Sida -- Cómo prevenir el Sida -- Cómo detectar el Sida -- La esperanza de una vacuna |
| 520 0# - SUMMARY, ETC. | |
| Summary, etc. | El libro presenta el tema sin tapujos… una obra excelente, actualizada y fácil de leer los adolescentes y el público en general. Su sitio debe estar en las bibliotecas escolares. |
| 650 24 - SUBJECT ADDED ENTRY--TOPICAL TERM | |
| Topical term or geographic name entry element | Síndrome de inmunodeficiencia adquirida |
| General subdivision | Prevención |
| 9 (RLIN) | 10968 |
| 650 24 - SUBJECT ADDED ENTRY--TOPICAL TERM | |
| Topical term or geographic name entry element | Síndrome de inmunodeficiencia adquirida |
| 9 (RLIN) | 10969 |
| 650 24 - SUBJECT ADDED ENTRY--TOPICAL TERM | |
| Topical term or geographic name entry element | Obras de divulgación |
| 9 (RLIN) | 10970 |
| 650 24 - SUBJECT ADDED ENTRY--TOPICAL TERM | |
| Topical term or geographic name entry element | Promoción de la salud |
| 9 (RLIN) | 10971 |
| 700 1# - ADDED ENTRY--PERSONAL NAME | |
| Personal name | Hassan de, Adriana, |
| Relator term | traductora |
| 9 (RLIN) | 10972 |
| 942 ## - ADDED ENTRY ELEMENTS (KOHA) | |
| Source of classification or shelving scheme | Dewey Decimal Classification |
| Koha item type | Books |
| Withdrawn status | Lost status | Source of classification or shelving scheme | Materials specified (bound volume or other part) | Damaged status | Not for loan | Home library | Current library | Shelving location | Date acquired | Source of acquisition | Full call number | Barcode | Date last seen | Copy number | Price effective from | Koha item type |
|---|---|---|---|---|---|---|---|---|---|---|---|---|---|---|---|---|
| Dewey Decimal Classification | Donación--12/04/2018-- | Biblioteca Pública José María del Castillo y Rada | Biblioteca Pública José María del Castillo y Rada | General Stacks | 11/28/2019 | Donación | 614.5993 / J541q | 201807551 | 05/16/2024 | Ej.1 | 11/28/2019 | Books |